00532cam a22001572 4500001001100000005001700011008004100028020002700069040001500096110006800111245003800179260004100217300001800258650003600276650006200312000000955620151217152057.0081110s xx 000 0 eng d a1847104885 :cKES 2300 aKABUcKABU2 aThe Association of Chartered Certified Accountants.@000016124210aAudit and assurance (AA) /cACCA. aWokingham, England :bKAPLAN,c2007. axxii, 220 p. 0aAuditing, Internal.@0000151764 0aAuditing, InternalxProblems, exercises, etc.@0000161243